China y el espejo latinoamericano /
Збережено в:
| Автор: | |
|---|---|
| Формат: | Книга |
| Мова: | Spanish |
| Теги: |
Додати тег
Немає тегів, Будьте першим, хто поставить тег для цього запису!
|
MARC
| LEADER | 00000nam a22000007a 4500 | ||
|---|---|---|---|
| 003 | cru CIDCACS/IIS | ||
| 005 | 20190221140307.0 | ||
| 007 | Ta | ||
| 008 | 190221b2000 mx q||p|r||||||0| ||spa|| | ||
| 999 | |c 42193 |d 42193 | ||
| 040 | |c cru CIDCACS/IIS | ||
| 100 | 1 | |9 8338 |a Cesarin, Sergio | |
| 245 | 1 | |a China y el espejo latinoamericano / |c Sergio Cesarin | |
| 300 | |a páginas 116-125 | ||
| 773 | 0 | |0 42185 |9 2662 |a InstitutoTecnológico Autónomo de México |d México: El Instituto, 2000- |o 17874 |t Foreign Affairs: |x 16651707 | |
| 942 | |2 ddc |c PP | ||
